Who will pay? coping with aging societies, climate change, and other long-term fiscal challenges

Gespeichert in:
Bibliographische Detailangaben
1. Verfasser: Heller, Peter S.
Format: Buch
Sprache:Englisch
Veröffentlicht: Washington IMF 2003
Schlagworte:
Tags: Tag hinzufügen
Keine Tags, Fügen Sie das erste Tag hinzu!

MARC

LEADER 00000nam$a2200000$$$4500
001 0003505
005 20240104133151.9
020 |a 1-58906-223-X 
041 0 |a eng 
044 |a US 
245 1 0 |a Who will pay?  |b coping with aging societies, climate change, and other long-term fiscal challenges  |c Peter S. Heller 
264 1 |a Washington  |b IMF  |c 2003 
300 |a 315 s. 
610 2 0 |a politika fiškálna 
610 2 0 |a zmeny klimatické 
610 2 0 |a spoločnosť 
610 2 0 |a Medzinárodný menový fond 
100 1 |a Heller, Peter S.